El habitante y su esperanza (Novela)
Salvato in:
| Autore principale: | |
|---|---|
| Natura: | Libro |
| Lingua: | Spanish |
| Pubblicazione: |
Santiago, Chile
Editorial Nascimento
1926
|
| Soggetti: | |
| Tags: |
Aggiungi Tag
Nessun Tag, puoi essere il primo ad aggiungerne!!
|
MARC
| LEADER | 00000nam a2200000Ia 4500 | ||
|---|---|---|---|
| 008 | 170316s9999 xx 000 0 spa d | ||
| 040 | |a cru BVZT | ||
| 090 | |a 860 N-5h | ||
| 100 | |a Neruda, Pablo | ||
| 245 | |a El habitante y su esperanza (Novela) | ||
| 260 | |a Santiago, Chile | ||
| 260 | |b Editorial Nascimento | ||
| 260 | |c 1926 | ||
| 300 | |a 76 páginas | ||
| 650 | |a LITERATURA LATINOAMERICANA |9 15 | ||
| 650 | |a NOVELA |9 13 | ||
| 999 | |c 9007 |d 9007 | ||
| 942 | |c LIB |h 860 N-5h |2 z | ||
